| Tag |
First Indicator |
Second Indicator |
Subfields |
| LEADER |
00000cam a2200000 4500 |
| 001 |
in00000775511 |
| 005 |
20151017064537.0 |
| 008 |
750324s1953 enkc 00010aengmc |
| 010 |
|
|
|a a 54001419
|
| 035 |
|
|
|a (OCoLC)01231262
|
| 035 |
|
|
|9 ADN4602AM
|
| 040 |
|
|
|a Rochester. Univ. Libr.
|c MTH
|d SER
|d OCL
|d TXA
|d UtOrBLW
|
| 049 |
1 |
|
|a TXA1 [WODE]
|
| 050 |
0 |
0 |
|a PR6045.O53
|b Z52
|
| 082 |
0 |
|
|a 928.2
|
| 090 |
|
|
|a PR6045.O53
|b Z52 1953
|
| 100 |
1 |
|
|a Wodehouse, P. G.
|q (Pelham Grenville),
|d 1881-1975.
|
| 245 |
1 |
0 |
|a Performing flea ;
|b a self-portrait in letters /
|c With an intro. and additional notes by W. Townsend.
|
| 264 |
|
1 |
|a London :
|b H. Jenkins,
|c [1953]
|
| 300 |
|
|
|a 224 pages :
|b portrait ;
|c 22 cm.
|
| 336 |
|
|
|a text
|b txt
|2 rdacontent
|
| 337 |
|
|
|a unmediated
|b n
|2 rdamedia
|
| 338 |
|
|
|a volume
|b nc
|2 rdacarrier
|
| 500 |
|
|
|a Comprises a selection of the letters Wodehouse wrote to Townend over a period of more than thirty years.
|
| 700 |
1 |
|
|a Townend, William,
|d 1881-
|
| 870 |
1 |
9 |
|j 100/1
|a Wodehouse, Pelham Grenville,
|d 1881-1975.
|
| 999 |
|
|
|a MARS
|
| 999 |
f |
f |
|s 7f26c578-8fb4-318c-8631-24ee1ad49999
|i d52abd0c-84ff-303d-9c54-cd8f61630067
|t 0
|
| 952 |
f |
f |
|p noncirc
|a Texas A&M University
|b College Station
|c Cushing Memorial Library & Archives
|d Cushing: Literature/Wodehouse (Does not check out)
|t 0
|e PR6045.O53 Z52 1953
|h Library of Congress classification
|i unmediated -- volume
|
| 998 |
f |
f |
|a PR6045.O53 Z52 1953
|t 0
|l Cushing: Literature/Wodehouse (Does not check out)
|